000
00330nam a22001337a 4500
008
171005b xxu||||| |||| 00| 0 eng d
020
_a
9780890795842
041
_a
eng
080
_a
159.9
100
_a
49
101
_a
PSI
245
_a
MANUAL FOR THE VIDEOFLUUOGRAPHIC STUDY SWALLOWING
_c
LOGERMAN.J.R
942
_2
udc
_c
BK
999
_c
32020
_d
32020